000 01024aam a2200313 i 4500
001 768714001
003 CO-MdFUSB
005 20251021161411.0
007 ta
008 251021t1985 sp |||| |||| 00| 0 spa d
020 _a84-7228-999-0
040 _cCO-MdFUSB
041 0 _aspa
082 0 4 _223
_a252
_bG6621h
100 1 _aGordon, A. J. (Adoniram Judson)
_eautor
245 1 0 _aGracia y gloria
_c/ A. J. Gordon ; traducido por Sara A. Hale
264 1 _bClie,
_aTerrassa, Barcelona, España :
_c[1985]
264 4 _c©1985
300 _a279 páginas
336 _atexto
_btxt
_2rdacontent
337 _2rdamedia
_asin mediación
_bn
338 _2rdacarrier
_avolumen
_bnc
505 _aLa gracia y la gloria. -- La naturaleza humana ensalzada por la divina. -- La fe y los frutos. -- La miopía espiritual. -- Jesucristo en casa. -- ¿Por qué había de ser levantado?
563 _aRústico
650 7 _aSermones
_9283
700 _aHale, Sara A.‏
_96541
_etraductor
942 _cBK
945 _aJTF-925
999 _c38535
_d38535